000 00562nam a2200169Ia 4500
008 240729s9999 xx 000 0 und d
022 _a2246-2929
245 0 _aInternational Journal of Sustainable Energy Planning and Management
260 _aDenmark
260 _bAalborg University Open Publishing
650 _a Engineering (General). Civil engineering (General) | Social Sciences
650 _a Social sciences (General)
650 _aTechnology
856 _uhttps://doaj.org/toc/a1894d0bb7264a8dbb91a7b0eb5a37a5
942 _2ddc
942 _cDOAJEJ
999 _c73585
_d73585
945 _a1
_bMadushi Gamage
_c1
_dMadushi Gamage